A History of the First World War (Record no. 11493)

MARC details
000 -LEADER
fixed length control field 00262nam a22000977a 4500
008 - FIXED-LENGTH DATA ELEMENTS--GENERAL INFORMATION
fixed length control field 190529b ||||| |||| 00| 0 eng d
020 ## - INTERNATIONAL STANDARD BOOK NUMBER
International Standard Book Number 9780330511704
100 ## - MAIN ENTRY--PERSONAL NAME
Personal name Liddell Hart
9 (RLIN) 7210
245 ## - TITLE STATEMENT
Title A History of the First World War
260 ## - PUBLICATION, DISTRIBUTION, ETC. (IMPRINT)
Place of publication, distribution, etc. London
Name of publisher, distributor, etc. PAN Books
Date of publication, distribution, etc. 2014
Holdings
Withdrawn status Lost status Source of classification or shelving scheme Damaged status Koha normalized classification for sorting Not for loan Home library Current library Shelving location Date acquired Total Checkouts Full call number Barcode Date last seen Price effective from Koha item type
    Dewey Decimal Classification   940_000000000000000_D4 Not For Loan Good Samaritan School Library Good Samaritan School Library History 05/29/2019   940 D-4 LID15376 05/29/2019 05/29/2019 BOOK

Powered by Koha